Modern database management / (Record no. 155)
[ view plain ]
| 000 -LEADER | |
|---|---|
| fixed length control field | 00784cam a22002412 4500 |
| 001 - CONTROL NUMBER | |
| control field | 0000000296 |
| 005 - DATE AND TIME OF LATEST TRANSACTION | |
| control field | 20151021151044.0 |
| 008 - FIXED-LENGTH DATA ELEMENTS--GENERAL INFORMATION | |
| fixed length control field | 070122s xx 000 0 eng d |
| 020 ## - INTERNATIONAL STANDARD BOOK NUMBER | |
| International Standard Book Number | 0131273884 : |
| Terms of availability | KES 4,150 |
| 040 ## - CATALOGING SOURCE | |
| Original cataloging agency | KABU |
| Transcribing agency | KABU |
| 050 #0 - LIBRARY OF CONGRESS CALL NUMBER | |
| Classification number | QA76.9 |
| Item number | .D3H64 2005 |
| 100 1# - MAIN ENTRY--PERSONAL NAME | |
| Personal name | Hoffer, Jeffrey A. |
| -- | 0000148412 |
| 245 10 - TITLE STATEMENT | |
| Title | Modern database management / |
| Statement of responsibility, etc. | Jeffrey A. Hoffer, Mary B. Prescott, Fred R. McFadden. |
| 250 ## - EDITION STATEMENT | |
| Edition statement | 7th ed. |
| 260 ## - PUBLICATION, DISTRIBUTION, ETC. (IMPRINT) | |
| Place of publication, distribution, etc. | Upper Saddle River, NJ : |
| Name of publisher, distributor, etc. | Pearson Educ., |
| Date of publication, distribution, etc. | 2005. |
| 300 ## - PHYSICAL DESCRIPTION | |
| Extent | xxxv, 700 p. |
| 650 #0 - SUBJECT ADDED ENTRY--TOPICAL TERM | |
| Topical term or geographic name as entry element | Database management. |
| -- | 0000148184 |
| 700 1# - ADDED ENTRY--PERSONAL NAME | |
| Personal name | Prescott, Mary B. |
| -- | 0000148413 |
| 700 1# - ADDED ENTRY--PERSONAL NAME | |
| Personal name | McFadden, Fred R. |
| -- | 0000148414 |
| 908 ## - PUT COMMAND PARAMETER (RLIN) | |
| Put command parameter | 070122 |
| 950 ## - LOCAL HOLDINGS (RLIN) | |
| -- | 1 |
| Withdrawn status | Lost status | Source of classification or shelving scheme | Not for loan | Home library | Current library | Date acquired | Total Checkouts | Total Renewals | Full call number | Barcode | Date last seen | Date last checked out | Price effective from | Koha item type |
|---|---|---|---|---|---|---|---|---|---|---|---|---|---|---|
| Library of Congress Classification | Kabarak, Nakuru City Campus | Kabarak, Main Campus | 21/10/2015 | 1 | 1 | QA76.9 .D3H64 2005 | 005632 | 12/09/2024 | 13/08/2024 | 21/10/2015 | General Collection |